Abrirán las grandes Alamedas: discursos

محفوظ في:
التفاصيل البيبلوغرافية
المؤلف الرئيسي: Allende G., Salvador
التنسيق: كتاب
اللغة:Undetermined
منشور في: Santiago, Chile LOM Ediciones 2003
الموضوعات:
الوسوم: إضافة وسم
لا توجد وسوم, كن أول من يضع وسما على هذه التسجيلة!

MARC

LEADER 00000nam a2200000Ia 4500
008 170316s9999 xx 000 0 und d
040 |a cru BVZT 
090 |a 860 A-13.1a 
100 |a Allende G., Salvador  |9 995 
245 |a Abrirán las grandes Alamedas: discursos  |c / Salvador Allende G. 
260 |a Santiago, Chile  |b LOM Ediciones  |c 2003 
300 |a 77 páginas 
650 |a LITERATURA LATINOAMERICANA  |9 15 
650 |a SALVADOR ALLENDE  |9 996 
650 |a DISCURSOS  |9 997 
999 |c 8293  |d 8293 
942 |c 15 D  |h 860 A-13.1a  |2 z